Movies Quiz

Random Movies Quiz

Movies Based on Real Life Gangsters Quiz Stats

 Plays Quiz not verified by Sporcle

Also try: British Films
Challenge
Share
Tweet
Embed
Score 0/10 Timer 04:00
1 Play Today
Name Film % Correct
Clyde Barrow & Bonnie ParkerBonnie and Clyde
83.8%
Henry HillGoodfellas
77.5%
John DillingerPublic Enemies
74.4%
Al CaponeScarface
70.9%
Frank LucasAmerican Gangster
69.1%
Al CaponeThe Untouchables
67.2%
Bugsy SiegelBugsy
64.1%
John DillingerDillinger
31.9%
Ellsworth 'Bumpy' JohnsonHoodlum
18.1%
Al CaponeThe St. Valentine's Day Massacre
13.8%

You're not logged in!

Compare scores with friends on all Sporcle quizzes.
OR
Log In

You Might Also Like...

Show Comments

Extras

Created Oct 3, 2009ReportNominate
Tags:gangster, life, release

Top Quizzes Today


Score Distribution

Your Account Isn't Verified!

In order to create a playlist on Sporcle, you need to verify the email address you used during registration. Go to your Sporcle Settings to finish the process.

Report this User

Report this user for behavior that violates our Community Guidelines.

Details: